Giáo dục ứng phó với biến đổi khí hậu

Giới thiệu các khái niệm cơ bản về thời tiết, khí hậu, biến đổi khí hậu. Trình bày những biến đổi khí hậu toàn cầu và ở Việt Nam. Tác động của biến đổi khí hậu. Ứng phó với biến đổi khí hậu. Lồng ghép biến đổi khí hậu và...

詳細記述

保存先:
書誌詳細
第一著者: Lê Anh Khoa (Chủ biên)
その他の著者: Trần Trung Dũng, Lưu Đức Hải, Nguyễn Văn Viết
フォーマット: 図書
言語:Vietnamese
出版事項: H. Giáo dục 2012
主題:
タグ: タグ追加
タグなし, このレコードへの初めてのタグを付けませんか!
Thư viện lưu trữ: Thư viện Trường Đại học Nam Cần Thơ
LEADER 01926aam a22002778a 4500
001 NCT_18074
008 130105s2012 ||||||viesd
999 |c 856  |d 856 
020 |c 95000 
082 0 4 |2 23rd ed.  |a 551.6  |b B305 
100 1 |a Lê Anh Khoa  |e Chủ biên 
245 0 0 |a Giáo dục ứng phó với biến đổi khí hậu  |c Lê Anh Khoa (chủ biên), Trần Trung Dũng, Lưu Đức Hải, Nguyễn Văn Viết 
260 |a H.  |b Giáo dục  |c 2012 
300 |a 319tr.  |b minh hoạ  |c 27cm 
500 |a ĐTTS ghi: Bộ Giáo dục và Đào tạo 
520 3 |a Giới thiệu các khái niệm cơ bản về thời tiết, khí hậu, biến đổi khí hậu. Trình bày những biến đổi khí hậu toàn cầu và ở Việt Nam. Tác động của biến đổi khí hậu. Ứng phó với biến đổi khí hậu. Lồng ghép biến đổi khí hậu vào phát triển kinh tế - Xã hội và các môn học 
653 |a Quản lý đất đai 
700 1 |a Trần Trung Dũng 
700 1 |a Lưu Đức Hải 
700 1 |a Nguyễn Văn Viết 
942 |2 ddc  |c BK 
952 |0 0  |1 0  |2 ddc  |4 0  |6 551_600000000000000_B305  |7 0  |9 4279  |a 000001  |b 000001  |d 2017-11-25  |o 551.6 B305  |p MD.04264  |r 2017-11-25  |v 95000.00  |w 2017-11-25  |y BK 
952 |0 0  |1 0  |2 ddc  |4 0  |6 551_600000000000000_B305  |7 0  |9 4280  |a 000001  |b 000001  |d 2017-11-25  |o 551.6 B305  |p MD.04265  |r 2017-11-25  |v 95000.00  |w 2017-11-25  |y BK 
952 |0 0  |1 0  |2 ddc  |4 0  |6 551_600000000000000_B305  |7 0  |9 4281  |a 000001  |b 000001  |d 2017-11-25  |l 1  |o 551.6 B305  |p MD.04266  |r 2021-03-08  |s 2021-02-23  |v 95000.00  |w 2017-11-25  |y BK 
952 |0 0  |1 0  |2 ddc  |4 0  |6 551_600000000000000_B305  |7 0  |9 4316  |a 000001  |b 000001  |d 2017-11-25  |l 1  |o 551.6 B305  |p MD.01260  |r 2018-12-19  |s 2018-12-05  |v 95000.00  |w 2017-11-25  |y BK 
980 |a Thư viện Trường Đại học Nam Cần Thơ